000
00198 a2200097 4500
001
6775
100
_a
Noorani, A G
245
_a
Kashmir Question
260
_a
_b
MaUaktalAS
_c
090
_c
5601
_d
5601
942
_a
NUST-CAE
_c
M
_c
32047
999
_c
241848
_d
241848